000 00779cam a2200253 4500
008 090401t1995 xxu||||| |||| 00| 0 eng d
020 _a0727720341
035 _a(Sirsi) u26771
041 _aeng
050 _a344.410465
100 _aJoyce, Raymond
245 4 _aThe Construction (Design and Management) Regulations 1994 explained.
260 _aLondon
_bThomas Telford
_c1995
300 _axvii,187p. ; 21cm.
350 _a30
650 _aCONSTRUCTION (DESIGN AND MANAGEMENT) REGULATIONS 1994
650 _aCONDAM REGULATIONS
650 _aCONSTRUCTION (DESIGN AND MANAGEMENT) REGULATIONS 1994
650 _aCONSTRUCTION INDUSTRY
650 _aHEALTH AND SAFETY
_96244
690 _aBUILT ENVIRONMENT-BUILDING STANDARDS
942 _n0
948 _c04/03/1997
999 _c88980
_d88980